Richest Countries by GDP per Capita - Statistics

General Stats
  • This quiz has been taken 23 times
  • The average score is 34 of 40
Answer Stats
GDP per Capita Country % Correct
66,916 Australia
100%
53,377 Belgium
100%
52,722 Canada
100%
54,351 Finland
100%
44,408 France
100%
51,383 Germany
100%
39,650 Japan
100%
61,098 Netherlands
100%
101,103 Norway
100%
34,998 South Korea
100%
31,223 Spain
100%
61,029 Sweden
100%
80,034 United States
100%
56,802 Austria
94%
68,827 Denmark
94%
75,180 Iceland
94%
101,509 Ireland
94%
36,812 Italy
94%
169,260 Liechtenstein
94%
133,745 Luxembourg
94%
114,246 Singapore
94%
98,767 Switzerland
94%
46,542 United Kingdom
94%
234,317 Monaco
88%
48,826 New Zealand
88%
83,891 Qatar
88%
49,451 United Arab Emirates
88%
33,907 Taiwan
81%
36,989 Malta
75%
44,387 Andorra
69%
55,535 Israel
69%
33,646 Kuwait
69%
52,949 San Marino
69%
31,368 Czechia
63%
29,922 Saudi Arabia
63%
32,214 Slovenia
63%
35,103 Brunei
56%
33,807 Cyprus
56%
31,209 Estonia
56%
35,458 Bahamas
44%
No matching quizzes found
Score Distribution
Percent of People with Each Score
Percentile by Number Answered
Your Score History
You have not taken this quiz